Noticia biográfica y documentos historicos relativos á Don Diego Hurtado de Mendoza, primer Conde de la Corzana ... / (Record no. 163840)

MARC details
000 -LEADER
campo de control de longitud fija 00807nam a22001935i 4500
001 - NÚMERO DE CONTROL
campo de control 163840
003 - IDENTIFICADOR DE NÚMERO DE CONTROL
campo de control ES-MaACL
005 - FECHA Y HORA DE LA ÚLTIMA TRANSACCIÓN
campo de control 20250907063126.0
008 - DATOS DE LONGITUD FIJA--INFORMACIÓN GENERAL
campo de control de longitud fija 991103s1873 sp |||| |bspa d
040 ## - FUENTE DE CATALOGACIÓN
Centro catalogador/agencia de origen CCPB | B
Lengua de catalogación spa
Centro/agencia transcriptor CCPB | B
100 1# - ENTRADA PRINCIPAL--NOMBRE DE PERSONA
Nombre de persona Rodríguez Villa, Antonio,
Fechas asociadas al nombre 1843-1912
9 (RLIN) 98860
245 10 - MENCIÓN DEL TÍTULO
Título Noticia biográfica y documentos historicos relativos á Don Diego Hurtado de Mendoza, primer Conde de la Corzana ... /
Mención de responsabilidad, etc. por Antonio Rodríguez Villa.
260 ## - PUBLICACIÓN, DISTRIBUCIÓN, ETC.
Lugar de publicación, distribución, etc. Madrid :
Nombre del editor, distribuidor, etc. [s.n.],
Fecha de publicación, distribución, etc. 1873 (
Fabricante imprenta y estereotipia de Aribau y Cª.)
300 ## - DESCRIPCIÓN FÍSICA
Extensión LIX, 159 p. ;
Dimensiones 15 cm.
600 27 - PUNTO DE ACCESO ADICIONAL DE MATERIA--NOMBRE DE PERSONA
Nombre de persona Corzana, Diego Hurtado de Mendoza,
Títulos y otros términos asociados al nombre Conde de la,
Fechas asociadas al nombre 1571-1671-
Subdivisión de forma Biografías
Fuente del encabezamiento o término
9 (RLIN) 126605
852 ## - LOCALIZACIÓN
Ubicación ES-MaACL
Número de control de estantería F-450
Nota libre -- Rúst.
852 ## - LOCALIZACIÓN
Ubicación ES-MaACL
Número de control de estantería D-3357
Nota libre -- Rúst.
Holdings
Estatus retirado Estado de pérdida Estado de daño No para préstamo Colección Biblioteca de origen Biblioteca actual Ubicación en estantería Fecha de adquisición Fuente de adquisición Total de préstamos Signatura topográfica completa Código de barras Visto por última vez Precio de reemplazo Tipo de ítem Koha
        Libros del s. XIX Biblioteca del Ateneo de Madrid Biblioteca del Ateneo de Madrid Sala Valle Inclán 17/01/2008     D-3357 901171706 23/02/2023 23/02/2023 Libro impreso antiguo
        Libros del s. XIX Biblioteca del Ateneo de Madrid Biblioteca del Ateneo de Madrid Depósito 2 17/01/2008     F-450 1171705 23/02/2023 23/02/2023 Libro impreso antiguo